000 00413nam a2200157Ia 4500
008 230917s9999||||xx |||||||||||||| ||und||
040 _e228861
_aMAIN
041 _aEnglish
082 _a005.133 B181C(2)
100 _aBalagurusamy, E
245 0 _aComputer fundamentals and C programming
250 _a2nd ed.
260 _aNew Delhi
_bMcGraw Hill Education (India)
_c2022
300 _a609 p.
942 _cBK
999 _c180260
_d180260